000
00323nam a2200145Ia 4500
003
IN-BaIIA
008
211028s9999 xx 000 0 eng d
040
_c
IIA Library
080
_a
523.45
_b
LOH
100
_a
Lohse
_9
1339
245
0
_a
Jupiter
_c
Lohse
300
_a
51-117p.
650
_a
Jupiter
_9
1340
942
_c
BK
999
_c
612
_d
612